00564nam a2200169Ia 4500008004100000100002000041245009800061245004400159260003900203260000900242300002400251440005600275650001700331650001900348650001400367650001300381170510s9999 xx 000 0 und d aBrandt, Mark J. aPeople both high and low on religious fundamentalism are prejudiced toward dissimilar groups. cBrandt, Mark J.; Van Tongeren, Daryl R. bAmerican Psychological Association c2017 apages 76-97,January aJournal of Personality and Social Psychologyv112:1 aBelief style aFundamentalism aPrejudice aReligion